Catálogo

Vista normal Vista MARC

Entrada Personal Name

Número de registros utilizados en: 2

001 - CONTROL NUMBER

  • control field: 7161

003 - CONTROL NUMBER IDENTIFIER

  • control field: DLC

005 - DATE AND TIME OF LATEST TRANSACTION

  • control field: 20210825093137.0

008 - FIXED-LENGTH DATA ELEMENTS

  • fixed length control field: 800625n| azannaabn |b aaa

010 ## - LIBRARY OF CONGRESS CONTROL NUMBER

  • LC control number: 50032973

035 ## - SYSTEM CONTROL NUMBER

  • System control number: (OCoLC)oca00068317

040 ## - CATALOGING SOURCE

  • Original cataloging agency: DLC
  • Language of cataloging: spa
  • Description conventions: rda
  • Transcribing agency: Mx-PuUPA
  • Modifying agency: DLC
  • Modifying agency: SdMadT
  • Modifying agency: ICU
  • Modifying agency: InU
  • Modifying agency: DLC
  • Modifying agency: WaU
  • Modifying agency: WU
  • Modifying agency: Mx-PuUPA

046 ## - SPECIAL CODED DATES

  • Birth date: 19330811
  • Death date: 19990114
  • Source of date scheme: edtf

100 1# - HEADING--PERSONAL NAME

  • Personal name: Grotowski, Jerzy,
  • Dates associated with a name: 1933-1999

370 ## - ASSOCIATED PLACE

  • Associated country: Rzeszów Polonia
  • Place of death: Pontedera, Italia

372 ## - FIELD OF ACTIVITY

  • Field of activity: Actuación, formación y producción teatral

373 ## - ASSOCIATED GROUP

  • Associated group: Academia Estadounidense de las Artes y las Ciencias

374 ## - OCCUPATION

  • Occupation: Autor
  • Occupation: Productores y directores teatrales
  • Source of term: lcsh

375 ## - GENDER

  • Gender: hombre

377 ## - ASSOCIATED LANGUAGE

  • Language code: pol

400 1# - SEE FROM TRACING--PERSONAL NAME

  • Personal name: Gkrotophski, Gierzi,
  • Dates associated with a name: 1933-1999

400 1# - SEE FROM TRACING--PERSONAL NAME

  • Personal name: Гротовский, Ежи,
  • Dates associated with a name: 1933-1999

400 1# - SEE FROM TRACING--PERSONAL NAME

  • Personal name: Grotovskiæi, Ezhi,
  • Dates associated with a name: 1933-1999

400 1# - SEE FROM TRACING--PERSONAL NAME

  • Personal name: Groòtovsòki, Yez'i,
  • Dates associated with a name: 1933-1999

400 1# - SEE FROM TRACING--PERSONAL NAME

  • Personal name: גרוטובסקי, יז’י

670 ## - SOURCE DATA FOUND

  • Source citation: Towards a poor theatre, 1968.

670 ## - SOURCE DATA FOUND

  • Source citation: To theatro tāāon pāegāon kai hāe nostalgia tāes katagāogāes, 1994:
  • Information found: t.p. (Gierzi Gkrotophski)

670 ## - SOURCE DATA FOUND

  • Source citation: Grotowski, c1998:
  • Information found: cover (Jerzy Grotowski) p. 4 of cover (b. 1939)

670 ## - SOURCE DATA FOUND

  • Source citation: Awareness, 2002:
  • Information found: t.p. (Jerzy Grotowski) p. 5 (b. 1933, Rzeszów, Poland; d. Jan. 14, 1999, Pontedera)

670 ## - SOURCE DATA FOUND

  • Source citation: Vokrug Grotovskogo, 2009:
  • Information found: p. 205 (... Ezhi Grotovskogo)

670 ## - SOURCE DATA FOUND

  • Source citation: Feldman, B. Shalosh gishot le-omanut ha-miâsòhaòk, c2011:
  • Information found: t.p. (גרוטובסקי = Groṭovsḳi) p. 191 (יז’י גרוטובסקי = Yez’i Groṭovsḳi)

670 ## - SOURCE DATA FOUND

  • Source citation: Wikipedia, Jan. 15, 2013:
  • Information found: Jerzy Grotowski (11 August 1933-14 January 1999; Polish theater director and innovator of experimental theater)

670 ## - SOURCE DATA FOUND

  • Source citation: Biblioteca del congreso (Estados Unidos), 04 mayo 2018:
  • Information found: catálogo electrónico
  • Uniform Resource Identifier: https://goo.gl/KAJoLx